ISO 9000:2000. Estrategias para implantar la norma de calidad para la mejora continua
| Main Authors: | , |
|---|---|
| Format: | Section = Libro |
| Language: | Undetermined Spanish |
| Published: |
México
Limusa
2005
|
| Subjects: |
| LEADER | 00689nam a2200229Ia 4500 | ||
|---|---|---|---|
| 008 | 240829s9999 xx 000 0 und d | ||
| 020 | |a 968-18-6349-6 | ||
| 040 | |a BIBLIOTECA-RUSB/ 658.562 N316 | ||
| 041 | |a spa | ||
| 082 | |a 658.562 N316 | ||
| 100 | 1 | |a Nava Carbellido, Víctor Manuel | |
| 100 | 1 | |b Jiménez Valadez, Ana Rosa | |
| 245 | 1 | 0 | |a ISO 9000:2000. Estrategias para implantar la norma de calidad para la mejora continua |
| 260 | |a México |b Limusa |c 2005 | ||
| 300 | |a 139 p. :il. | ||
| 650 | 7 | |a CONTROL DE CALIDAD | |
| 650 | 7 | |b PRINCIPIOS DE CALIDAD | |
| 650 | 7 | |c GESTION DE CALIDAD | |
| 650 | 7 | |d NORMAS DE CALIDAD ISO 9000 | |
| 942 | |c BK |2 ddc | ||
| 991 | |a TEXTO | ||
| 999 | |c 4223 | ||